| 000 | 00469cam a2200193ua 4500 | ||
|---|---|---|---|
| 020 | _c35.00 | ||
| 041 |
_aeng _h |
||
| 082 |
_a690 _bSUS/BU |
||
| 100 | _aSushil kumar, . | ||
| 245 |
_aBuilding construction / _cSushil kumar. _hTextual Documents |
||
| 250 |
_a1 / _b. |
||
| 260 |
_aDelhi : _bStandard publishers distributors , _c1984. |
||
| 300 | _a784 ; . | ||
| 365 | _a35.00 | ||
| 504 | _a | ||
| 942 | _cBK | ||
| 999 |
_c1620 _d1620 |
||